Normal view
MARC view
- Oakman, Robert L
Entry Personal Name
001 - CONTROL NUMBER
- control field: 75578
003 - CONTROL NUMBER IDENTIFIER
- control field: NUST
005 - DATE AND TIME OF LATEST TRANSACTION
- control field: 20210628205437.0
008 - FIXED-LENGTH DATA ELEMENTS
- fixed length control field: 210628|| aca||aabn | a|a d
040 ## - CATALOGING SOURCE
- Original cataloging agency: NUST
- Transcribing agency: NUST
100 ## - HEADING--PERSONAL NAME
- Personal name: Oakman, Robert L
670 ## - SOURCE DATA FOUND
- Source citation: Work cat.: (NUST): Oakman, Robert L, The computer triangle hardware software people, 1995
